The practice of medicine in the tropics: v. III (Record no. 32450)

MARC details
000 -LEADER
fixed length control field 00648nam a2200157 a 4500
008 - FIXED-LENGTH DATA ELEMENTS--GENERAL INFORMATION
fixed length control field 130927s1923 ||||||||||||||||| || u
050 ## - LIBRARY OF CONGRESS CALL NUMBER
Classification number RC 961 PRA
100 ## - MAIN ENTRY--PERSONAL NAME
Personal name Byam, W
245 14 - TITLE STATEMENT
Title The practice of medicine in the tropics: v. III
Statement of responsibility, etc. edited by W. Byam and R. G. Archibald
260 ## - PUBLICATION, DISTRIBUTION, ETC.
Place of publication, distribution, etc. London:
Name of publisher, distributor, etc. Henry Frowde and Hodder
Date of publication, distribution, etc. 1923
300 ## - PHYSICAL DESCRIPTION
Extent xx, varied pagings: ill.
650 ## - SUBJECT ADDED ENTRY--TOPICAL TERM
Topical term or geographic name entry element TROPICAL MEDICINE
650 ## - SUBJECT ADDED ENTRY--TOPICAL TERM
Topical term or geographic name entry element INSECTS AS CARRIERS--DISEASE
700 ## - ADDED ENTRY--PERSONAL NAME
Personal name Archibald, R. G
995 ## -
-- MEDICAL LIBRARY OPEN ACCESS
-- 902351
-- CBU-SCHOOL OF MEDICINE LIBRARY (Ndola)
-- RC 961 PRA
-- 1
-- AVAILABLE
-- Nov 7, 2013
-- 902351
-- Medical Library Open Access Collection
999 ## -
-- 32450
-- 32450
Holdings
Withdrawn status Lost status Source of classification or shelving scheme Damaged status Not for loan Permanent Location Current Location Shelving location Date acquired Total Checkouts Full call number Barcode Date last seen Price effective from Koha item type
          CBU-SCHOOL OF MEDICINE LIBRARY, NDOLA. CBU-SCHOOL OF MEDICINE LIBRARY, NDOLA.   11/30/2022   RC 961 PRA 902351 11/30/2022 11/30/2022 MONOGRAPH